Statistics for Soccer Logos (Partially) #4 - English

Click here to take the quiz!

General Stats

  • This quiz has been taken 9 times
  • The average score is 8 of 16

Answer Stats

Answer% Correct
Brentford
100%
Cardiff City
75%
Ipswich Town
75%
Burnley
63%
Notts County
63%
Preston North End
50%
Walsall
50%
Cheltenham Town
38%
Chesterfield
38%
Northampton Town
38%
Port Vale
38%
Reading
38%
Southend United
38%
Harrogate Town
25%
Luton Town
25%
Sunderland
25%

Score Distribution

Percentile by Number Answered

Percent of People with Each Score

Your Score History

You have not taken this quiz